RICS construction market survey United Kingdom (Record no. 107881)
[ view plain ]
| 000 -LEADER | |
|---|---|
| fixed length control field | 01409cad a22002415a 4500 |
| 001 - CONTROL NUMBER | |
| control field | L142408 |
| 008 - FIXED-LENGTH DATA ELEMENTS--GENERAL INFORMATION | |
| fixed length control field | 080212s2008 xxkd f s 000 0 eng d |
| 035 ## - SYSTEM CONTROL NUMBER | |
| System control number | (Sirsi) u142408 |
| 041 0# - LANGUAGE CODE | |
| Language code of text/sound track or separate title | eng |
| 050 04 - LIBRARY OF CONGRESS CALL NUMBER | |
| Classification number | 338.47624 $2 18 |
| 110 2# - MAIN ENTRY--CORPORATE NAME | |
| Corporate name or jurisdiction name as entry element | Royal Institution of Chartered Surveyors |
| Subordinate unit | Economics |
| 9 (RLIN) | 5033 |
| 245 00 - TITLE STATEMENT | |
| Title | RICS construction market survey United Kingdom |
| Remainder of title | fourth quarter 2007 |
| Medium | [electronic resource] |
| 260 ## - PUBLICATION, DISTRIBUTION, ETC. | |
| Place of publication, distribution, etc. | London |
| Name of publisher, distributor, etc. | RICS |
| Date of publication, distribution, etc. | 2008 |
| 490 #0 - SERIES STATEMENT | |
| Series statement | RICS Construction Market Survey United Kingdom |
| Volume/sequential designation | Fourth Quarter 2007 |
| 520 ## - SUMMARY, ETC. | |
| Summary, etc. | Reports construction workload growth continued to slow in the fourth quarter of 2007, with 16% more surveyors reporting a rise than a fall. For the eighth consecutive quarter, Scotland experienced fast workload growth, outperforming other UK regions. New enquiries for housing, private commercial and industrial work and infrastructure all experienced their slowest growth since 2006. However, skill shortages remain low and confidence in workload remains above the long run average, despite dropping again in the fourth quarter. |
| 521 2# - TARGET AUDIENCE NOTE | |
| Target audience note | Advanced |
| 590 ## - LOCAL NOTE (RLIN) | |
| Local note | KA |
| 650 24 - SUBJECT ADDED ENTRY--TOPICAL TERM | |
| Topical term or geographic name entry element | RICS CONSTRUCTION MARKET SURVEY UNITED KINGDOM |
| 651 #4 - SUBJECT ADDED ENTRY--GEOGRAPHIC NAME | |
| Geographic name | United Kingdom |
| Chronological subdivision | |
| 690 ## - LOCAL SUBJECT ADDED ENTRY--TOPICAL TERM (OCLC, RLIN) | |
| Topical term or geographic name as entry element | BUILT ENVIRONMENT-CONSTRUCTION MARKET |
| 856 40 - ELECTRONIC LOCATION AND ACCESS | |
| Uniform Resource Identifier | <a href="https://www.rics.org/site/scripts/download_info.aspx?downloadID=1200">https://www.rics.org/site/scripts/download_info.aspx?downloadID=1200</a> |
| Public note | View the survey free of charge at www.rics.org... |
| 942 ## - ADDED ENTRY ELEMENTS (KOHA) | |
| Suppress in OPAC | 0 |
| Withdrawn status | Lost status | Source of classification or shelving scheme | Damaged status | Not for loan | Home library | Current library | Shelving location | Date acquired | Total Checkouts | Full call number | Barcode | Date last seen | Copy number | Price effective from | Koha item type |
|---|---|---|---|---|---|---|---|---|---|---|---|---|---|---|---|
| Dewey Decimal Classification | Virtual | Virtual | Online | 12/02/2008 | ONLINE PUBLICATION | 142408-2001 | 06/08/2019 | 1 | 06/08/2019 | Book |